[Event "St Louis Spring Classic A"]
[Site "Saint Louis USA"]
[Date "2017.05.16"]
[Round "1.2"]
[White "Zherebukh, Yaroslav"]
[Black "Baryshpolets, Andrey"]
[Result "1/2-1/2"]
[WhiteTitle "GM"]
[BlackTitle "GM"]
[WhiteElo "2632"]
[BlackElo "2591"]
[WhiteFideId "14116804"]
[BlackFideId "14117207"]
[EventDate "2017.05.16"]

1. e4 e5 2. Nf3 Nc6 3. Bb5 Nf6 4. O-O Nxe4 5. Re1 Nd6 6. Nxe5 Be7 7. Bf1 Nxe5 8.
Rxe5 O-O 9. Nc3 Ne8 10. Nd5 Bd6 11. Re1 c6 12. Ne3 Bc7 13. Nf5 d5 14. Ne7+ Kh8
15. Nxc8 Rxc8 16. d3 Qd7 17. Qf3 Nf6 18. h3 Rce8 19. Bd2 Kg8 20. g3 Rxe1 21.
Rxe1 Re8 22. Rxe8+ Nxe8 23. Kg2 Be5 24. c3 Bc7 25. d4 g6 26. Bd3 h5 27. g4 Ng7
28. Kf1 hxg4 29. hxg4 Ne6 30. Qf6 Bd8 31. Qe5 Bc7 32. Qf6 1/2-1/2

[Event "St Louis Spring Classic A"]
[Site "Saint Louis USA"]
[Date "2017.05.16"]
[Round "1.3"]
[White "Xiong, Jeffery"]
[Black "Bruzon Batista, Lazaro"]
[Result "1/2-1/2"]
[WhiteTitle "GM"]
[BlackTitle "GM"]
[WhiteElo "2652"]
[BlackElo "2652"]
[WhiteFideId "2047640"]
[BlackFideId "3503739"]
[EventDate "2017.05.16"]

1. d4 Nf6 2. c4 e6 3. g3 Bb4+ 4. Bd2 Bxd2+ 5. Qxd2 d5 6. Bg2 c6 7. b3 Nbd7 8.
Nf3 O-O 9. Nc3 b6 10. O-O Bb7 11. Rfd1 Qe7 12. Rac1 Rfd8 13. Qf4 Rac8 14. e4 Ba6
15. e5 Ne8 16. Bf1 Bb7 17. cxd5 exd5 18. Bh3 Nc7 19. Qh4 Qe8 20. Bf5 h6 21. Qg4
Ne6 22. Bb1 c5 23. Nb5 cxd4 24. Rxc8 Bxc8 25. Nxa7 Ba6 26. Nc6 Be2 27. Rd2 Bxf3
28. Qxf3 Ng5 29. Qe2 Rc8 30. Nxd4 Rc1+ 31. Rd1 Rxd1+ 32. Qxd1 Qxe5 33. Kg2 Ne6
34. Nxe6 fxe6 35. Qc2 Kf7 36. b4 Qd4 37. a4 Qxb4 1/2-1/2

[Event "St Louis Spring Classic A"]
[Site "Saint Louis USA"]
[Date "2017.05.16"]
[Round "1.5"]
[White "Quesada Perez, Yuniesky"]
[Black "Swiercz, Dariusz"]
[Result "1/2-1/2"]
[WhiteTitle "GM"]
[BlackTitle "GM"]
[WhiteElo "2630"]
[BlackElo "2649"]
[WhiteFideId "3504409"]
[BlackFideId "1126881"]
[EventDate "2017.05.16"]

1. e4 e5 2. Nf3 Nc6 3. Bb5 a6 4. Ba4 Nf6 5. O-O Be7 6. d3 b5 7. Bb3 d6 8. a4 Bd7
9. c3 O-O 10. Bc2 b4 11. Re1 Rb8 12. Nbd2 d5 13. a5 h6 14. Ba4 Bd6 15. exd5 Nxd5
16. Ne4 bxc3 17. bxc3 f5 18. Nxd6 cxd6 19. Bb3 Be6 20. Nd4 Nxd4 21. cxd4 Kh7 22.
Bc4 Nc3 23. Qd2 Bxc4 24. Qxc3 Bb5 25. dxe5 dxe5 26. Bb2 Qxd3 27. Qxe5 Qd7 28.
Rad1 Qf7 29. Rc1 Rfe8 30. Qf4 Rxe1+ 31. Rxe1 Re8 1/2-1/2

[Event "St Louis Spring Classic A"]
[Site "Saint Louis USA"]
[Date "2017.05.17"]
[Round "2.2"]
[White "Baryshpolets, Andrey"]
[Black "Xiong, Jeffery"]
[Result "1/2-1/2"]
[WhiteTitle "GM"]
[BlackTitle "GM"]
[WhiteElo "2591"]
[BlackElo "2652"]
[WhiteFideId "14117207"]
[BlackFideId "2047640"]
[EventDate "2017.05.16"]

1. d4 Nf6 2. c4 g6 3. Nc3 d5 4. cxd5 Nxd5 5. e4 Nxc3 6. bxc3 Bg7 7. Nf3 c5 8.
Be3 Bg4 9. Qa4+ Bd7 10. Qa3 cxd4 11. cxd4 Nc6 12. Rb1 O-O 13. d5 Ne5 14. Nxe5
Bxe5 15. Be2 Bd6 16. Bc5 Bxc5 17. Qxc5 e6 18. O-O b6 19. Qa3 exd5 20. exd5 Bf5
21. Rbd1 Re8 22. Bb5 Bd7 23. Bc6 Rc8 24. Qxa7 Bxc6 25. dxc6 Qc7 26. Qxc7 Rxc7
27. Rd2 Rxc6 28. g3 Rec8 29. Kg2 Rc2 30. Rxc2 Rxc2 31. Rb1 Rxa2 32. Rxb6 1/2-1/2

[Event "St Louis Spring Classic A"]
[Site "Saint Louis USA"]
[Date "2017.05.17"]
[Round "2.3"]
[White "Bruzon Batista, Lazaro"]
[Black "Mareco, Sandro"]
[Result "1/2-1/2"]
[WhiteTitle "GM"]
[BlackTitle "GM"]
[WhiteElo "2652"]
[BlackElo "2648"]
[WhiteFideId "3503739"]
[BlackFideId "112275"]
[EventDate "2017.05.16"]

1. Nf3 Nf6 2. g3 d5 3. Bg2 c5 4. c4 d4 5. e3 Nc6 6. exd4 cxd4 7. O-O e6 8. d3
Bd6 9. Bg5 h6 10. Bxf6 Qxf6 11. Nbd2 Qd8 12. a3 a5 13. Rc1 O-O 14. Re1 Bd7 15.
c5 Be7 16. Ne4 Rb8 17. Nfd2 b6 18. Qh5 a4 19. Nc4 bxc5 20. Nxc5 Be8 21. Nxa4 Na7
22. Qd1 Qd7 23. Nab6 Qc7 24. Na4 Qd7 25. Nab6 Qc7 26. Na4 Qd7 1/2-1/2

[Event "St Louis Spring Classic A"]
[Site "Saint Louis USA"]
[Date "2017.05.17"]
[Round "2.4"]
[White "Ipatov, Alexander"]
[Black "Quesada Perez, Yuniesky"]
[Result "1/2-1/2"]
[WhiteTitle "GM"]
[BlackTitle "GM"]
[WhiteElo "2662"]
[BlackElo "2630"]
[WhiteFideId "14116731"]
[BlackFideId "3504409"]
[EventDate "2017.05.16"]

1. d4 Nf6 2. c4 e6 3. Nf3 d5 4. Nc3 c6 5. Qd3 b6 6. e4 Ba6 7. Qc2 dxc4 8. Be2
Be7 9. h4 b5 10. Bg5 h6 11. Bxf6 Bxf6 12. b3 Bxd4 13. Rd1 c5 14. bxc4 bxc4 15.
e5 Bb7 16. Ne4 Bxe4 17. Qxe4 Nd7 18. Bxc4 Qa5+ 19. Kf1 Rd8 20. Rh3 Qb4 21. Bxe6
Qb5+ 22. Kg1 Qa4 23. Re1 O-O 24. Bb3 Qb4 25. Ng5 hxg5 26. hxg5 Bxf2+ 27. Kxf2
Qxe4 28. Rxe4 Rfe8 29. g6 Nxe5 30. gxf7+ Nxf7 31. Rf3 Rd2+ 32. Kg1 Rxe4 33.
Bxf7+ Kf8 34. Bg6+ Ke7 35. Bxe4 Rxa2 36. Rf5 Re2 37. Bd3 Rd2 38. Bc4 Kd6 39. Rg5
Rc2 40. Ba6 c4 41. Kf1 c3 42. Ke1 Rd2 43. Rg3 Ke5 44. Be2 Kd4 45. Rxg7 a5 46.
Rc7 Rc2 47. Rd7+ Kc5 48. Kd1 Rb2 49. Bf3 a4 50. Rc7+ Kd4 51. Rd7+ Ke3 52. Re7+
Kd4 53. Ra7 Kd3 54. Rd7+ Ke3 55. Re7+ Kd4 56. Kc1 a3 57. Rd7+ Ke3 58. Rc7 Kd4
59. Rd7+ Ke3 60. Rc7 Kd4 1/2-1/2

[Event "St Louis Spring Classic A"]
[Site "Saint Louis USA"]
[Date "2017.05.17"]
[Round "2.5"]
[White "Kacheishvili, Giorgi"]
[Black "Zherebukh, Yaroslav"]
[Result "1/2-1/2"]
[WhiteTitle "GM"]
[BlackTitle "GM"]
[WhiteElo "2590"]
[BlackElo "2632"]
[WhiteFideId "13600613"]
[BlackFideId "14116804"]
[EventDate "2017.05.16"]

1. d4 Nf6 2. c4 g6 3. Nc3 d5 4. cxd5 Nxd5 5. e4 Nxc3 6. bxc3 Bg7 7. Nf3 c5 8.
Bb5+ Bd7 9. Be2 O-O 10. O-O Nc6 11. Rb1 b6 12. Be3 Bg4 13. d5 Na5 14. Rc1 e6 15.
Qd3 exd5 16. exd5 Qd7 17. Rfd1 Rfe8 18. h3 Bf5 19. Qd2 Qa4 20. c4 Qa3 21. g4 Bd7
22. Bd3 Ba4 23. Re1 Bb2 24. Rb1 Bc3 25. Qc1 Qxc1 26. Rexc1 Bg7 27. Bf4 Rad8 28.
Re1 Bc3 29. Rec1 Bb4 30. Nd2 b5 31. Bf1 Bxd2 32. Bxd2 Nxc4 33. Bxc4 1/2-1/2

[Event "St Louis Spring Classic A"]
[Site "Saint Louis USA"]
[Date "2017.05.18"]
[Round "3.1"]
[White "Zherebukh, Yaroslav"]
[Black "Akobian, Varuzhan"]
[Result "1/2-1/2"]
[WhiteTitle "GM"]
[BlackTitle "GM"]
[WhiteElo "2632"]
[BlackElo "2661"]
[WhiteFideId "14116804"]
[BlackFideId "13300580"]
[EventDate "2017.05.16"]

1. Nf3 d5 2. c4 e6 3. b3 Nf6 4. Bb2 Be7 5. g3 O-O 6. Bg2 b6 7. O-O Bb7 8. e3 c5
9. Nc3 dxc4 10. bxc4 Nc6 11. Qe2 Rc8 12. Rfd1 Qc7 13. Rac1 a6 14. Ba1 Rfd8 15.
d3 h6 16. Rb1 Ba8 17. Ne1 Rb8 18. f4 Ne8 19. f5 Bf6 20. fxe6 fxe6 21. Bh3 Qe7
22. Ng2 Ne5 23. Nf4 Nf3+ 24. Kf2 Ng5 25. Bg2 Bxg2 26. Kxg2 Qb7+ 27. Kg1 Nd6 28.
h4 Nf3+ 29. Kf2 Ne5 30. Nxe6 Re8 31. Nf4 Qd7 32. e4 Ng4+ 33. Kg2 b5 34. cxb5
axb5 35. Ncd5 Bxa1 36. Rxa1 c4 37. Re1 cxd3 38. Qxd3 Nc4 39. Qd4 Nge5 40. Nd3
Qg4 41. Nxe5 Nxe5 42. Qd1 Qg6 43. Nf4 Qb6 44. Qb3+ Kh7 45. Rad1 Ra8 46. Re2 Ra5
47. Rd5 Qa6 48. Qb2 Nc4 49. Qb1 Re5 50. Nd3 Rxd5 51. exd5 Qg6 52. Qb3 Ra3 53.
Nf4 Qf5 54. Qxb5 Ne3+ 55. Kf2 Ng4+ 56. Kg2 Ne3+ 57. Kf2 Ng4+ 58. Kg2 1/2-1/2

[Event "St Louis Spring Classic A"]
[Site "Saint Louis USA"]
[Date "2017.05.18"]
[Round "3.5"]
[White "Quesada Perez, Yuniesky"]
[Black "Bruzon Batista, Lazaro"]
[Result "1/2-1/2"]
[WhiteTitle "GM"]
[BlackTitle "GM"]
[WhiteElo "2630"]
[BlackElo "2652"]
[WhiteFideId "3504409"]
[BlackFideId "3503739"]
[EventDate "2017.05.16"]

1. e4 e5 2. Nf3 Nc6 3. Bb5 Nf6 4. O-O Nxe4 5. Re1 Nd6 6. Nxe5 Be7 7. Bf1 Nxe5 8.
Rxe5 O-O 9. d4 Bf6 10. Re1 Re8 11. c3 Rxe1 12. Qxe1 Ne8 13. Bf4 d5 14. Bd3 c6
15. Nd2 g6 16. Nf3 Ng7 17. Qe2 Bf5 18. Bxf5 Nxf5 19. Re1 Ng7 20. Be5 Bxe5 21.
Nxe5 Qd6 22. Qf3 f6 23. Nd3 Re8 24. Rxe8+ Nxe8 25. Qe3 Kf7 26. g3 Qe7 27. Qxe7+
Kxe7 28. f3 Kd6 29. Kf2 Ng7 30. Ke2 Ne6 31. Ke3 b6 1/2-1/2

[Event "St Louis Spring Classic A"]
[Site "Saint Louis USA"]
[Date "2017.05.19"]
[Round "4.2"]
[White "Bruzon Batista, Lazaro"]
[Black "Swiercz, Dariusz"]
[Result "1/2-1/2"]
[WhiteTitle "GM"]
[BlackTitle "GM"]
[WhiteElo "2652"]
[BlackElo "2649"]
[WhiteFideId "3503739"]
[BlackFideId "1126881"]
[EventDate "2017.05.16"]

1. d4 Nf6 2. c4 e6 3. Nf3 d5 4. Nc3 Bb4 5. e3 O-O 6. Bd3 c5 7. cxd5 exd5 8. dxc5
Nbd7 9. Bd2 Nxc5 10. Be2 Ne6 11. O-O d4 12. exd4 Nxd4 13. Nxd4 Qxd4 14. Be3 Qxd1
15. Rfxd1 Bg4 16. Bxg4 Nxg4 17. Bd4 Rfd8 18. g3 Be7 19. Rac1 Bf6 20. Bxf6 Nxf6
21. Kf1 Kf8 22. h3 Rac8 23. Rxd8+ Rxd8 24. Ke2 Ke7 25. a3 Ke6 26. Nb1 b6 27. Nd2
h6 28. Rc7 Rd7 29. Rc6+ Rd6 30. Rc7 Rd7 1/2-1/2

[Event "St Louis Spring Classic A"]
[Site "Saint Louis USA"]
[Date "2017.05.19"]
[Round "4.3"]
[White "Baryshpolets, Andrey"]
[Black "Quesada Perez, Yuniesky"]
[Result "1/2-1/2"]
[WhiteTitle "GM"]
[BlackTitle "GM"]
[WhiteElo "2591"]
[BlackElo "2630"]
[WhiteFideId "14117207"]
[BlackFideId "3504409"]
[EventDate "2017.05.16"]

1. d4 d5 2. c4 c6 3. Nf3 Nf6 4. Qc2 e6 5. Nbd2 Nbd7 6. e4 dxe4 7. Nxe4 Nxe4 8.
Qxe4 Bb4+ 9. Bd2 Bxd2+ 10. Nxd2 c5 11. dxc5 Qa5 12. Be2 Qxc5 13. O-O Nf6 14. Qc2
Bd7 15. a3 O-O 16. Bf3 Qc7 17. b4 Rfd8 18. Rac1 Bc6 19. Rfe1 a5 20. Bxc6 bxc6
21. Nf3 axb4 22. axb4 h6 23. h3 Ra3 24. Ra1 Rxa1 25. Rxa1 Qd6 26. Rb1 e5 27. Nh4
g6 28. Nxg6 fxg6 29. Qxg6+ Kf8 30. Qxh6+ Kf7 31. b5 Qd3 32. Qc1 Rg8 33. Kh1 Ne4
34. Rb2 Qd4 35. Qc2 Ke6 36. bxc6 Rc8 37. f3 Nf6 38. Rb7 Rxc6 39. Rb4 Qc5 40. Qb2
Rd6 41. Qb1 Qd4 42. Kh2 Qf4+ 43. Kh1 Qd4 44. Kh2 Ra6 45. Qb2 Nh5 46. Qb1 Nf6 47.
Qb2 Qxb2 48. Rxb2 Rc6 49. Rc2 Nd7 50. g4 Nb6 51. Kg3 Nxc4 52. h4 Na5 53. Rxc6+
Nxc6 54. f4 exf4+ 1/2-1/2

[Event "St Louis Spring Classic A"]
[Site "Saint Louis USA"]
[Date "2017.05.19"]
[Round "4.4"]
[White "Akobian, Varuzhan"]
[Black "Ipatov, Alexander"]
[Result "1/2-1/2"]
[WhiteTitle "GM"]
[BlackTitle "GM"]
[WhiteElo "2661"]
[BlackElo "2662"]
[WhiteFideId "13300580"]
[BlackFideId "14116731"]
[EventDate "2017.05.16"]

1. d4 d6 2. Nf3 Nf6 3. c4 g6 4. Nc3 Bf5 5. Bg5 Bg7 6. e3 h6 7. Bh4 Nbd7 8. Nd2
Nf8 9. f4 c5 10. dxc5 dxc5 11. Be2 g5 12. fxg5 hxg5 13. Bxg5 Ne6 14. Bxf6 Bxf6
15. Nde4 Bxe4 16. Nxe4 Bxb2 17. Rb1 Be5 18. Qa4+ Kf8 19. g3 Kg7 20. O-O Qg8 21.
Bd3 Rd8 22. Bc2 Kf8 23. Rbd1 Rxd1 24. Bxd1 Ng5 25. Nxg5 Qxg5 26. Rf3 Rh6 27. Qc2
Rb6 28. Qe4 Bf6 29. Rf5 Qg6 30. Bh5 Qh7 31. Qf4 Rb1+ 32. Kg2 Rb2+ 1/2-1/2

[Event "St Louis Spring Classic A"]
[Site "Saint Louis USA"]
[Date "2017.05.19"]
[Round "4.5"]
[White "Zherebukh, Yaroslav"]
[Black "Xiong, Jeffery"]
[Result "1/2-1/2"]
[WhiteTitle "GM"]
[BlackTitle "GM"]
[WhiteElo "2632"]
[BlackElo "2652"]
[WhiteFideId "14116804"]
[BlackFideId "2047640"]
[EventDate "2017.05.16"]

1. Nf3 d5 2. c4 d4 3. g3 Nc6 4. Bg2 e5 5. O-O a5 6. e3 Nf6 7. exd4 exd4 8. d3
Be7 9. Na3 Nd7 10. Nb5 Nc5 11. Re1 O-O 12. Bf4 Ne6 13. Rxe6 Bxe6 14. Nxc7 Ra7
15. Nxe6 fxe6 16. Qe2 Qd7 17. Bh3 Nd8 18. Qe4 Bf6 19. Ne5 Qe7 20. Qxd4 Nc6 21.
Qe4 Nxe5 22. Bxe5 Ra6 23. Re1 Kh8 24. Bf4 Bxb2 25. Bxe6 Qf6 26. Bd7 Bd4 27. Bb5
g5 28. Be3 Bxe3 29. Qxe3 Re6 30. Qxe6 Qxf2+ 31. Kh1 1/2-1/2

[Event "St Louis Spring Classic A"]
[Site "Saint Louis USA"]
[Date "2017.05.20"]
[Round "5.3"]
[White "Quesada Perez, Yuniesky"]
[Black "Kacheishvili, Giorgi"]
[Result "1/2-1/2"]
[WhiteTitle "GM"]
[BlackTitle "GM"]
[WhiteElo "2630"]
[BlackElo "2590"]
[WhiteFideId "3504409"]
[BlackFideId "13600613"]
[EventDate "2017.05.16"]

1. e4 c5 2. Nf3 e6 3. d4 cxd4 4. Nxd4 Nc6 5. Nc3 Qc7 6. f4 a6 7. Nxc6 bxc6 8.
Bd3 d5 9. O-O Nf6 10. Qe2 Be7 11. Bd2 O-O 12. Rae1 g6 13. Kh1 Bb7 14. b3 Rfe8
15. e5 Nd7 16. Na4 c5 17. c4 d4 18. Be4 a5 19. Nb2 Nb6 20. a4 Reb8 21. Bc2 Nc8
22. Qg4 Bf8 23. f5 exf5 24. Rxf5 Ne7 25. Rf2 Bg7 26. Bf4 Qb6 27. Bg5 Re8 28. Qf4
Qe6 29. Nd3 Rac8 30. Bd1 h5 31. Bf6 Nf5 32. Bxg7 Nxg7 33. Qg5 Rc7 34. Kg1 Qc8
35. g4 hxg4 36. Bxg4 Qb8 37. Nf4 Qd8 38. Qxd8 Rxd8 39. e6 fxe6 40. Bxe6+ Kh7 41.
Bg4 Rd6 42. Re5 d3 43. Nd5 Bxd5 44. Rxd5 Rxd5 45. cxd5 Ne8 46. Rd2 c4 47. bxc4
Rxc4 48. h3 Rd4 49. Kf2 Rxd5 50. Ke3 Nd6 51. Rxd3 Nc4+ 52. Ke4 Rxd3 53. Kxd3
Nb2+ 54. Kc3 Nxa4+ 55. Kc4 1/2-1/2

[Event "St Louis Spring Classic A"]
[Site "Saint Louis USA"]
[Date "2017.05.20"]
[Round "5.4"]
[White "Ipatov, Alexander"]
[Black "Bruzon Batista, Lazaro"]
[Result "1/2-1/2"]
[WhiteTitle "GM"]
[BlackTitle "GM"]
[WhiteElo "2662"]
[BlackElo "2652"]
[WhiteFideId "14116731"]
[BlackFideId "3503739"]
[EventDate "2017.05.16"]

1. d4 d5 2. c4 e6 3. Nf3 Nf6 4. g3 Be7 5. Bg2 O-O 6. O-O dxc4 7. Ne5 Nc6 8. Bxc6
bxc6 9. Nxc6 Qe8 10. Nxe7+ Qxe7 11. Na3 Rd8 12. Qc2 Ba6 13. Nxc4 c5 14. dxc5
Qxc5 15. b3 Bxc4 16. Bb2 Rac8 17. Bxf6 gxf6 18. Rfc1 Qe5 19. bxc4 Rd4 20. Rab1
Rdxc4 21. Qxc4 Rxc4 22. Rxc4 Qxe2 23. Ra4 a6 24. Kg2 f5 25. Rb3 Kg7 26. Rba3 Qb5
27. Rxa6 Qb7+ 28. Kg1 Qb1+ 29. Kg2 Qb7+ 30. Kg1 Qb1+ 31. Kg2 1/2-1/2

[Event "St Louis Spring Classic A"]
[Site "Saint Louis USA"]
[Date "2017.05.21"]
[Round "6.1"]
[White "Akobian, Varuzhan"]
[Black "Bruzon Batista, Lazaro"]
[Result "1/2-1/2"]
[WhiteTitle "GM"]
[BlackTitle "GM"]
[WhiteElo "2661"]
[BlackElo "2652"]
[WhiteFideId "13300580"]
[BlackFideId "3503739"]
[EventDate "2017.05.16"]

1. d4 Nf6 2. c4 e6 3. Nc3 Bb4 4. Qc2 O-O 5. Nf3 c5 6. dxc5 Na6 7. g3 Nxc5 8. Bg2
b6 9. O-O Bb7 10. Nb5 Be4 11. Qd1 Nb7 12. Bf4 a6 13. Nd6 Bxd6 14. Bxd6 Nxd6 15.
Qxd6 Qb8 16. Rfd1 Qb7 17. Bf1 Bxf3 18. exf3 Rac8 19. f4 a5 20. a3 a4 21. Qb4 Qa7
22. Rd6 Rb8 23. Rad1 Rfc8 24. Be2 Rc7 25. R6d4 Rc5 26. g4 h6 27. h4 e5 28. fxe5
Rxe5 29. Bf3 b5 30. Qd6 Rbe8 31. cxb5 Rxb5 32. Qf4 Qc5 33. Rb4 Rxb4 34. axb4 Qc2
35. Qd2 Qb3 36. Kg2 Re5 37. Qc3 Qe6 38. Qc8+ Kh7 39. Qc2+ g6 40. Rd4 Qa6 41. Qc4
Qe6 42. Qxe6 dxe6 43. Kf1 Kg7 44. Bc6 g5 45. hxg5 hxg5 46. b5 Rc5 47. Rb4 Rc2
48. Ke1 Kf8 49. Kd1 Rc5 50. Rxa4 Nd5 51. Kd2 Ke7 52. Ra7+ Kf6 53. Bxd5 Rxd5+ 54.
Kc3 Rxb5 55. b4 Rb8 56. Rc7 Rf8 57. b5 Ke5 58. b6 Rb8 59. b7 f5 60. Kc4 Kf4 61.
gxf5 exf5 62. Rf7 Kg4 63. Kd5 f4 64. Kc6 Kf3 65. Kc7 Rxb7+ 66. Kxb7 Kxf2 67. Rf5
f3 68. Rxg5 Ke2 69. Rf5 f2 70. Kc6 f1=Q 71. Rxf1 Kxf1 1/2-1/2

[Event "St Louis Spring Classic A"]
[Site "Saint Louis USA"]
[Date "2017.05.21"]
[Round "6.2"]
[White "Zherebukh, Yaroslav"]
[Black "Quesada Perez, Yuniesky"]
[Result "1/2-1/2"]
[WhiteTitle "GM"]
[BlackTitle "GM"]
[WhiteElo "2632"]
[BlackElo "2630"]
[WhiteFideId "14116804"]
[BlackFideId "3504409"]
[EventDate "2017.05.16"]

1. e4 e5 2. Nf3 Nc6 3. Bb5 Nf6 4. O-O Nxe4 5. Re1 Nd6 6. Nxe5 Be7 7. Bf1 Nxe5 8.
Rxe5 O-O 9. Nc3 Ne8 10. Nd5 Bd6 11. Re1 c6 12. Ne3 Bc7 13. Nf5 d5 14. Ne7+ Kh8
15. Nxc8 Qxc8 16. Qf3 Qd7 17. d3 f5 18. Bf4 Bxf4 19. Qxf4 Nf6 20. d4 Rae8 21.
Bd3 g6 22. f3 Nh5 23. Qd2 Kg8 24. Rxe8 Rxe8 25. Re1 Ng7 26. Rxe8+ Qxe8 27. Kf2
Qe7 28. g3 Ne8 29. c3 Kf7 30. Qh6 Nf6 31. Qf4 1/2-1/2

[Event "St Louis Spring Classic A"]
[Site "Saint Louis USA"]
[Date "2017.05.22"]
[Round "7.1"]
[White "Mareco, Sandro"]
[Black "Akobian, Varuzhan"]
[Result "0-1"]
[WhiteTitle "GM"]
[BlackTitle "GM"]
[WhiteElo "2648"]
[BlackElo "2661"]
[WhiteFideId "112275"]
[BlackFideId "13300580"]
[EventDate "2017.05.16"]

1. d4 d5 2. c4 e6 3. Nf3 Nf6 4. g3 Bb4+ 5. Bd2 Be7 6. Bg2 O-O 7. O-O Nbd7 8. Qc2
Ne4 9. Bf4 c6 10. Nc3 g5 11. Bc1 f5 12. b3 b6 13. Nd2 Nxc3 14. Qxc3 Nf6 15. Bb2
Bd7 16. Rac1 g4 17. f3 h5 18. Bh1 h4 19. Qd3 hxg3 20. hxg3 Rf7 21. Rf2 gxf3 22.
exf3 Rg7 23. Nf1 Bd6 24. f4 Kf7 25. Re1 Qg8 26. Bc1 Nh5 27. Rf3 Rg6 28. Re2 Qg7
29. Kf2 Rg8 30. Bg2 Nf6 31. cxd5 cxd5 32. Qa6 Ne4+ 0-1

[Event "St Louis Spring Classic A"]
[Site "Saint Louis USA"]
[Date "2017.05.22"]
[Round "7.2"]
[White "Quesada Perez, Yuniesky"]
[Black "Xiong, Jeffery"]
[Result "0-1"]
[WhiteTitle "GM"]
[BlackTitle "GM"]
[WhiteElo "2630"]
[BlackElo "2652"]
[WhiteFideId "3504409"]
[BlackFideId "2047640"]
[EventDate "2017.05.16"]

1. e4 c5 2. Nf3 d6 3. d4 cxd4 4. Nxd4 Nf6 5. Nc3 a6 6. g3 e5 7. Nde2 Be7 8. Bg2
O-O 9. O-O b5 10. Nd5 Nxd5 11. Qxd5 Ra7 12. Be3 Rb7 13. Nc3 b4 14. Nd1 Qc7 15.
Qd3 Be6 16. b3 Rc8 17. Rc1 Qa5 18. Bd2 Nc6 19. Ne3 Nd4 20. a3 Qb5 21. Qxb5 axb5
22. Ra1 bxa3 23. Rxa3 Bg5 24. c4 h6 25. h4 Bxe3 26. Bxe3 b4 27. Ra6 Nxb3 28.
Rxd6 Na5 29. c5 Nc4 30. c6 Rbb8 31. Rd3 Rxc6 32. Rb1 Nxe3 33. Rxe3 b3 34. Re2
Rc2 0-1

[Event "St Louis Spring Classic A"]
[Site "Saint Louis USA"]
[Date "2017.05.22"]
[Round "7.3"]
[White "Swiercz, Dariusz"]
[Black "Zherebukh, Yaroslav"]
[Result "1/2-1/2"]
[WhiteTitle "GM"]
[BlackTitle "GM"]
[WhiteElo "2649"]
[BlackElo "2632"]
[WhiteFideId "1126881"]
[BlackFideId "14116804"]
[EventDate "2017.05.16"]

1. e4 e5 2. Nf3 Nc6 3. Bb5 Nf6 4. O-O Nxe4 5. Re1 Nd6 6. Nxe5 Be7 7. Bf1 Nxe5 8.
Rxe5 O-O 9. d4 Bf6 10. Re1 Re8 11. c3 Rxe1 12. Qxe1 Nf5 13. Nd2 d5 14. Nf3 Be6
15. Bf4 c6 16. Bd3 Nh4 17. Nxh4 Bxh4 18. Qe3 Qd7 19. Re1 Re8 20. g3 Bd8 21. h4
Re7 22. Qd2 Bg4 23. Re3 Rxe3 24. Qxe3 Qe6 25. Qxe6 Bxe6 26. f3 h6 27. Kf2 Kf8
28. Bd6+ Ke8 29. Be5 f6 30. Bb8 a6 31. h5 Kd7 1/2-1/2

[Event "St Louis Spring Classic A"]
[Site "Saint Louis USA"]
[Date "2017.05.22"]
[Round "7.5"]
[White "Bruzon Batista, Lazaro"]
[Black "Baryshpolets, Andrey"]
[Result "0-1"]
[WhiteTitle "GM"]
[BlackTitle "GM"]
[WhiteElo "2652"]
[BlackElo "2591"]
[WhiteFideId "3503739"]
[BlackFideId "14117207"]
[EventDate "2017.05.16"]

1. e4 c5 2. Nf3 d6 3. d4 cxd4 4. Nxd4 Nf6 5. Nc3 Nc6 6. Bg5 e6 7. Qd2 a6 8.
O-O-O Be7 9. f4 Nxd4 10. Qxd4 b5 11. Bxf6 gxf6 12. Bd3 Qc7 13. Qe3 Qc5 14. Qg3
b4 15. Ne2 Kf8 16. Kb1 a5 17. Rc1 a4 18. Rhd1 Bb7 19. c3 Rb8 20. cxb4 Qxb4 21.
Rc4 Qb6 22. Rc2 f5 23. exf5 Bf6 24. fxe6 Bd5 25. e7+ Kxe7 26. Nc3 Bxc3 27. Qg5+
Kf8 28. Qxd5 Bxb2 29. Rc6 Qb4 30. Kc2 Be5 31. Rf1 Bxf4 32. Be4 Qb2+ 33. Kd1 Rb4
34. Qd3 Rd4 35. Rxf4 Qb1+ 36. Kd2 Rxd3+ 37. Bxd3 Qxa2+ 38. Rc2 Qe6 39. Rxa4 Kg7
40. Rcc4 Re8 41. Kc2 Qe1 42. Rg4+ Kf8 43. Rgf4 d5 0-1

[Event "St Louis Spring Classic A"]
[Site "Saint Louis USA"]
[Date "2017.05.23"]
[Round "8.5"]
[White "Mareco, Sandro"]
[Black "Quesada Perez, Yuniesky"]
[Result "1/2-1/2"]
[WhiteTitle "GM"]
[BlackTitle "GM"]
[WhiteElo "2648"]
[BlackElo "2630"]
[WhiteFideId "112275"]
[BlackFideId "3504409"]
[EventDate "2017.05.16"]

1. Nf3 d5 2. c4 c6 3. d4 Nf6 4. Nc3 e6 5. Bg5 Nbd7 6. e3 h6 7. Bh4 g5 8. Bg3 Nh5
9. Bd3 Nxg3 10. hxg3 Bg7 11. Rc1 a6 12. cxd5 cxd5 13. Nd2 Nf6 14. Qb3 b6 15. Na4
Bd7 16. O-O O-O 17. Rc2 Ne8 18. Rfc1 Nd6 19. Nf3 Nc4 20. Nc3 b5 21. e4 g4 22.
Nh2 Qg5 23. exd5 exd5 24. Ne2 Rfe8 25. Qc3 Rac8 26. b3 Ne5 27. Qxc8 Bxc8 28.
Rxc8 Qxc1+ 29. Rxc1 Nxd3 30. Rc2 Nb4 31. Rd2 h5 32. f4 Rc8 33. Kf2 Rc2 34. Rxc2
Nxc2 35. Nf1 Nb4 36. Ne3 Bf8 37. a4 bxa4 38. bxa4 Bg7 39. Nf5 Nc2 40. Nc3 1/2-1/2

[Event "St Louis Spring Classic A"]
[Site "Saint Louis USA"]
[Date "2017.05.24"]
[Round "9.1"]
[White "Quesada Perez, Yuniesky"]
[Black "Akobian, Varuzhan"]
[Result "1/2-1/2"]
[WhiteTitle "GM"]
[BlackTitle "GM"]
[WhiteElo "2630"]
[BlackElo "2661"]
[WhiteFideId "3504409"]
[BlackFideId "13300580"]
[EventDate "2017.05.16"]

1. e4 e6 2. d4 d5 3. Nc3 Nf6 4. e5 Nfd7 5. f4 c5 6. Nf3 Nc6 7. Be3 Be7 8. Qd2 b6
9. Be2 O-O 10. Nd1 cxd4 11. Nxd4 Nxd4 12. Bxd4 Nb8 13. O-O Ba6 14. Bxa6 Nxa6 15.
Ne3 Nc5 16. Qe2 f5 17. Rad1 Qe8 18. c4 dxc4 19. Nxc4 Qb5 20. Bxc5 Qxc5+ 21. Kh1
Rfd8 22. h3 Rac8 23. b3 Rd4 24. Rf3 Rcd8 25. Rfd3 R8d5 26. Qf3 h6 27. Rxd4 Rxd4
28. Kh2 Kh7 29. a4 Bh4 30. Rxd4 Qxd4 31. g3 Be7 32. h4 Bc5 33. h5 a6 34. Kh3 b5
35. axb5 axb5 36. Nd6 Bxd6 37. exd6 Qxd6 38. Qe3 Qd5 39. Kh2 b4 40. Kg1 Qd1+ 41.
Kf2 Qxh5 42. Qxe6 Qh2+ 43. Kf3 Qh5+ 44. Kf2 Qg6 45. Qd5 Qf6 46. Kf3 h5 47. Kg2
Qg6 48. Kf2 h4 49. gxh4 Qg4 50. Qd6 Qxh4+ 51. Kg2 Qe1 52. Kh3 Qe3+ 53. Kh4 Qe2
54. Kg3 Qe1+ 55. Kh3 g6 56. Kh2 Kh6 57. Qf8+ Kh5 58. Qh8+ Kg4 59. Qh3+ Kxf4 60.
Qf1+ Qxf1 1/2-1/2